000 01491nam a2200397 i 4500
001 ELB76414
003 FlNmELB
006 m o d |
007 cr cnu||||||||
008 140915s2005 ag o 000 0 spa d
020 _a9781449299705 (e-book)
020 _z9789871228089
035 _a(MiAaPQ)EBC3224581
035 _a(Au-PeEL)EBL3224581
035 _a(CaPaEBR)ebr10915246
035 _a(OCoLC)901150200
040 _aFINmELB
_bspa
_erda
_cFINmELB
050 4 _aB29
_b.A169 2005
082 0 _a100
_223
100 1 _aAcceto, Toquato.
245 1 3 _aLa disimulación honesta /
_cTorquato Acceto ; estudio preliminar y notas de Sebastián Torres.
264 1 _aBuenos Aires :
_bEl Cuenco de Plata,
_c2005.
300 _a1 recurso en línea (156 páginas)
336 _atexto
_btxt
_2rdacontent/spa
337 _acomputadora
_bc
_2rdamedia/spa
338 _arecurso en línea
_bcr
_2rdacarrier/spa
490 1 _aEl Laberinto erudito ;
_v3
588 _aDescripción basada en recurso en línea; Título de la página del título en PDF (e-libro, visto September 15, 2013).
590 _aRecurso electrónico. Santa Fe, Arg.: e-libro, 2015. Disponible vía World Wide Web. El acceso puede estar limitado para las bibliotecas afiliadas a e-libro.
650 0 _aPhilosophy.
650 4 _aFilosofía.
655 4 _aLibros electrónicos.
797 2 _ae-libro, Corp.
830 0 _aLaberinto erudito ;
_v3.
856 4 0 _uhttps://elibro.net/ereader/usam/76414
999 _c144672
_d144672